[Event "Macieja Memorial"]
[Site "Warsaw POL"]
[Date "2024.07.08"]
[Round "2.8"]
[White "Nasuta, Grzegorz"]
[Black "Goslawski, Michal"]
[Result "1-0"]
[WhiteElo "2420"]
[BlackElo "1987"]
[EventDate "2024.07.08"]
[PlyCount "77"]

1.e4 c6 2.d4 d5 3.e5 c5 4.dxc5 e6 5.a3 Bxc5 6.Nf3 f6 7.b4 Be7 8.Bb2 a5 9.b5 Nd7 
10.Bd3 Nh6 11.Nbd2 Nf7 12.exf6 Bxf6 13.Bxf6 Qxf6 14.c4 O-O 15.O-O Nc5 16.Nb3 
Nxd3 17.Qxd3 a4 18.Nbd2 Rd8 19.cxd5 Rxd5 20.Qe2 Bd7 21.Ne4 Qe7 22.Rfb1 Rc8 
23.h4 h6 24.Rb4 Nd6 25.Nxd6 Qxd6 26.Rab1 b6 27.Rxa4 Rcc5 28.Rab4 Rc3 29.a4 Ra3 
30.Rc4 Kh7 31.Rbc1 Be8 32.Re1 Bh5 33.Qxe6 Bxf3 34.gxf3 Qxe6 35.Rxe6 Rxf3 
36.Rxb6 Rd2 37.Rg4 Rfxf2 38.Rb7 Ra2 39.Rbxg7+ 1-0

[Event "Macieja Memorial"]
[Site "Warsaw POL"]
[Date "2024.07.08"]
[Round "2.9"]
[White "Gbiorczyk, Mikolaj"]
[Black "Heberla, Bartlomiej"]
[Result "1/2-1/2"]
[WhiteElo "1967"]
[BlackElo "2409"]
[EventDate "2024.07.08"]
[PlyCount "207"]

1.e4 e6 2.d4 d5 3.exd5 exd5 4.Nf3 Bd6 5.c4 dxc4 6.Bxc4 Nf6 7.O-O O-O 8.Nc3 h6 
9.h3 Nc6 10.Re1 Bf5 11.Be3 a6 12.a3 Qd7 13.Rc1 Rae8 14.b4 Ne7 15.Ne5 Qc8 16.Qb3 
Bg6 17.Ne2 Nd7 18.Bf4 Qd8 19.Nxg6 Nxg6 20.Bxd6 cxd6 21.Ng3 Nh4 22.Bd5 Nf6 
23.Bxb7 Qb6 24.Bd5 Rxe1+ 25.Rxe1 Qxd4 26.Rd1 Qf4 27.Qc4 Qg5 28.Bb7 a5 29.Rxd6 
axb4 30.axb4 Re8 31.Rd1 Nh5 32.Nxh5 Qxh5 33.Qd3 Ng6 34.Bf3 Qg5 35.Qd2 Qb5 
36.Qd4 Rb8 37.Rb1 Nf8 38.Be4 Ne6 39.Qd5 Qe2 40.Bf3 Qc2 41.Qe4 Qc3 42.b5 Ng5 
43.Qf4 Rb6 44.Bc6 Ne6 45.Qe3 Qxe3 46.fxe3 Kf8 47.Kf2 Ke7 48.Rd1 Kf6 49.Rd6 Ke5 
50.Rd7 Kf6 51.Rb7 Rxb7 52.Bxb7 Nc5 53.Bc6 Na4 54.Kf3 Ke5 55.Be8 f6 56.Bc6 Nb6 
57.Kg4 Nc4 58.e4 g6 59.Be8 g5 60.Bc6 Ne3+ 61.Kf3 Nc4 62.Bd5 Nb6 63.Bb7 Nc4 
64.Kg4 Ne3+ 65.Kf3 Nc4 66.Bd5 Nb6 67.Bc6 h5 68.Be8 h4 69.Bc6 Nc4 70.Bd5 Nb6 
71.Bb3 Nd7 72.Bc2 Nb6 73.Kg4 Nc4 74.Kf3 Nb6 75.Bb3 Nd7 76.Bd5 Nb6 77.Bb3 Nd7 
78.Ke3 Nb6 79.Bf7 Nc8 80.Be8 Nd6 81.Bc6 Nc4+ 82.Kd3 Nb6 83.Kc3 Nc8 84.Kb4 Kd6 
85.Ka5 Kc5 86.Ka6 Nb6 87.Kb7 Nc4 88.Kc7 Nb6 89.Kd8 Kd6 90.Ke8 Ke6 91.Kf8 Na4 
92.Ke8 Nb6 93.Kd8 Kd6 94.Be8 Na4 95.Kc8 Ke7 96.Bc6 Kd6 97.Kb7 Kc5 98.Ka6 Nb6 
99.Be8 Nc4 100.Bf7 Nb6 101.Be6 Na4 102.Bd5 Nb6 103.Be6 Na4 104.Bd5 1/2-1/2

[Event "Macieja Memorial"]
[Site "Warsaw POL"]
[Date "2024.07.08"]
[Round "2.10"]
[White "Pakleza, Zbigniew"]
[Black "Smietanska, Wiktoria"]
[Result "1-0"]
[WhiteElo "2405"]
[BlackElo "1975"]
[EventDate "2024.07.08"]
[PlyCount "107"]

1.d4 Nf6 2.c4 e6 3.Nc3 Bb4 4.e3 O-O 5.Bd3 b6 6.Ne2 d5 7.O-O Bb7 8.Bd2 Nbd7 
9.Nxd5 Nxd5 10.cxd5 Bxd2 11.dxe6 Bxe3 12.fxe3 fxe6 13.Nf4 Rf6 14.Qh5 Rh6 15.Qg4 
Qe7 16.Bc4 Nf8 17.Rf2 Kh8 18.Raf1 e5 19.dxe5 Qxe5 20.Nh5 Qe7 21.Qxg7+ Qxg7 
22.Nxg7 Kxg7 23.Rf7+ Kg6 24.Bd3+ Kg5 25.Rxf8 Rxf8 26.Rxf8 Rd6 27.Bxh7 Rd1+ 
28.Rf1 Rd2 29.e4 Rxb2 30.a4 c5 31.h3 c4 32.Rc1 Rb4 33.e5 Rxa4 34.e6 Kf6 35.Re1 
Ke7 36.Bf5 Ra5 37.g4 c3 38.Rc1 Rc5 39.Kf2 b5 40.Ke3 b4 41.Kd4 Rd5+ 42.Kc4 a5 
43.h4 Re5 44.h5 Ba6+ 45.Kb3 Be2 46.h6 Re3 47.h7 Rh3 48.g5 Rh5 49.g6 Kf6 50.e7 
Bb5 51.Re1 Be8 52.Re6+ Kxf5 53.g7 Bf7 54.g8=Q 1-0

[Event "Macieja Memorial"]
[Site "Warsaw POL"]
[Date "2024.07.08"]
[Round "2.11"]
[White "Lewandowski, Rafal"]
[Black "Kanarek, Marcel"]
[Result "1/2-1/2"]
[WhiteElo "1940"]
[BlackElo "2389"]
[EventDate "2024.07.08"]
[PlyCount "103"]

1.e4 c5 2.Nf3 d6 3.d4 cxd4 4.Nxd4 Nf6 5.Nc3 g6 6.f3 Bg7 7.Be3 O-O 8.Bc4 Nc6 
9.Qd2 Nxd4 10.Bxd4 Be6 11.Bb3 Qa5 12.O-O Rac8 13.Rad1 Rfd8 14.Nd5 Qxd2 15.Rxd2 
Bxd5 16.exd5 Nd7 17.Bxg7 Kxg7 18.f4 Nb6 19.Rd4 Rc5 20.Re1 Kf8 21.Re2 Rdc8 22.c3 
a5 23.a4 R8c7 24.Kf2 Nd7 25.g4 b5 26.axb5 Nb6 27.Red2 Rxb5 28.Ba4 Nxa4 29.Rxa4 
Rcb7 30.Ra2 Ke8 31.Ke3 Kd7 32.Kd4 e6 33.dxe6+ fxe6 34.c4 Rc5 35.Rd3 Rb4 36.b3 
Rd5+ 37.Ke4 Rxd3 38.Kxd3 Rxb3+ 39.Kd4 Rh3 40.Rxa5 Rxh2 41.Ra7+ Kc6 42.Ra6+ Kd7 
43.Ra7+ Ke8 44.c5 dxc5+ 45.Kxc5 Rf2 46.Kd6 Rxf4 47.Kxe6 Kf8 48.Rxh7 Rxg4 49.Kf6 
Kg8 50.Rg7+ Kh8 51.Rxg6 Rxg6+ 52.Kxg6 1/2-1/2

[Event "Macieja Memorial"]
[Site "Warsaw POL"]
[Date "2024.07.08"]
[Round "2.12"]
[White "Rajlich, Iweta"]
[Black "Zaninotto, Franco"]
[Result "1/2-1/2"]
[WhiteElo "2379"]
[BlackElo "1961"]
[EventDate "2024.07.08"]
[PlyCount "98"]

1.d4 Nf6 2.g3 d5 3.Bg2 c5 4.Nf3 cxd4 5.O-O h6 6.Bf4 Nc6 7.Nxd4 Qb6 8.Nxc6 bxc6 
9.b3 g6 10.Nc3 Bg7 11.Na4 Qa5 12.Be5 O-O 13.Rc1 Ba6 14.Qe1 Qxe1 15.Rfxe1 Nd7 
16.Bxg7 Kxg7 17.e4 e6 18.exd5 cxd5 19.c4 Bb7 20.cxd5 Bxd5 21.Bxd5 exd5 22.Rc7 
Nb6 23.Nc5 Kg8 24.Ree7 d4 25.Ne6 Rfe8 26.Nxd4 Nd5 27.Rxe8+ Rxe8 28.Rxa7 Re1+ 
29.Kg2 Ra1 30.Nc6 Nc3 31.a4 Ra3 32.a5 Rxb3 33.a6 Ra3 34.Ra8+ Kg7 35.a7 Nb5 
36.Kf1 Ra6 37.h4 h5 38.Ke2 Kf6 39.Rb8 Nxa7 40.Nxa7 Rxa7 41.Rb2 Ra4 42.Kf3 Rc4 
43.Rb6+ Kg7 44.Kg2 Ra4 45.Rc6 Rb4 46.Ra6 Rc4 47.Rb6 Rd4 48.Rc6 Ra4 49.Rb6 Rd4 1/2-1/2

[Event "Macieja Memorial"]
[Site "Warsaw POL"]
[Date "2024.07.08"]
[Round "2.13"]
[White "Staroszczyk, Mateusz"]
[Black "Krasenkow, Michal"]
[Result "0-1"]
[WhiteElo "1933"]
[BlackElo "2376"]
[EventDate "2024.07.08"]
[PlyCount "51"]

1.d4 d6 2.e4 Nf6 3.Nc3 c6 4.a4 e5 5.Nf3 Qc7 6.Bg5 Be7 7.Be2 Bg4 8.O-O Nbd7 9.a5 
a6 10.Qd2 O-O 11.Rfe1 Rfe8 12.h3 Bxf3 13.Bxf3 Bf8 14.g3 exd4 15.Qxd4 h6 16.Bf4 
Ne5 17.Bg2 Rad8 18.Kh2 g5 19.Be3 Bg7 20.Qa4 Qe7 21.Rad1 Qe6 22.Bb6 Rd7 23.b3 g4 
24.Ne2 Ng6 25.Nd4 Qe5 26.Qb4 0-1

[Event "Macieja Memorial"]
[Site "Warsaw POL"]
[Date "2024.07.08"]
[Round "2.14"]
[White "Barwinska, Ewa"]
[Black "Klimkowski, Jan"]
[Result "0-1"]
[WhiteElo "1927"]
[BlackElo "2372"]
[EventDate "2024.07.08"]
[PlyCount "106"]

1.e4 e5 2.Nf3 Nc6 3.Bb5 f5 4.d3 fxe4 5.dxe4 Nf6 6.Nc3 Bb4 7.Bg5 Bxc3+ 8.bxc3 d6 
9.O-O O-O 10.Qd3 Qe8 11.c4 Bg4 12.Nd2 Be6 13.f4 exf4 14.Rxf4 Qg6 15.Bxf6 Rxf6 
16.Raf1 Rxf4 17.Rxf4 Ne5 18.Qf1 c6 19.Ba4 Qh6 20.Bb3 Ng6 21.Rf2 Qe3 22.Qd3 Qc5 
23.Nf3 Rf8 24.Qd4 Bg4 25.Qxc5 dxc5 26.h3 Bxf3 27.Rxf3 Ne5 28.Re3 g5 29.Re2 Rf7 
30.Rd2 Rd7 31.Rxd7 Nxd7 32.Kf2 Kg7 33.Kg3 Kf6 34.Kg4 Kg6 35.Kf3 Ne5+ 36.Ke3 Kf6 
37.c3 Ng6 38.g3 Ne5 39.a3 Nf7 40.Ba2 Ke5 41.Bb1 Nd6 42.Bd3 a5 43.Kf3 Kf6 44.Ke3 
Nf7 45.Be2 Ne5 46.Bf1 Ng6 47.Bd3 h5 48.Be2 h4 49.gxh4 Nxh4 50.Bg4 Ng6 51.Bc8 b6 
52.Bd7 Ne5 53.Be8 Nxc4+ 0-1

[Event "Macieja Memorial"]
[Site "Warsaw POL"]
[Date "2024.07.08"]
[Round "2.15"]
[White "Johannesson, Ingvar Thor"]
[Black "Lecki, Leonard"]
[Result "1/2-1/2"]
[WhiteElo "2365"]
[BlackElo "1941"]
[EventDate "2024.07.08"]
[PlyCount "106"]

1.c4 e5 2.g3 Nf6 3.Bg2 c6 4.Nf3 e4 5.Nd4 Qb6 6.e3 d5 7.cxd5 cxd5 8.O-O Nc6 
9.Nb3 Bg4 10.f3 exf3 11.Bxf3 Bxf3 12.Qxf3 Be7 13.Nc3 Rd8 14.Ne2 O-O 15.Nbd4 Nb4 
16.Nf5 Rfe8 17.Nxe7+ Rxe7 18.b3 Ne4 19.Nd4 f6 20.Qe2 Nxg3 21.hxg3 Qxd4 22.Ba3 
a5 23.Rac1 Qe5 24.Rf4 Rc7 25.Rcf1 Rdc8 26.Bxb4 axb4 27.Qg4 Kh8 28.Rxb4 h5 
29.Qf5 Qxg3+ 30.Kh1 Rc1 31.Rf4 Rxf1+ 32.Rxf1 Qh4+ 33.Kg2 Re8 34.Rh1 Qe4+ 
35.Qxe4 dxe4 36.Rxh5+ Kg8 37.Rb5 Rd8 38.Rxb7 Rxd2+ 39.Kg3 Rxa2 40.Kf4 Kh7 
41.Kxe4 Kg6 42.b4 f5+ 43.Kf4 Rf2+ 44.Kg3 Rb2 45.b5 Kf6 46.Rb6+ Ke5 47.Kf3 g5 
48.Rb8 g4+ 49.Kg3 Rb3 50.Kf2 Rb2+ 51.Kg3 Rb3 52.Kf2 Rb2+ 53.Kg3 Rb3 1/2-1/2

[Event "Macieja Memorial"]
[Site "Warsaw POL"]
[Date "2024.07.08"]
[Round "2.16"]
[White "Celinski, Kamil"]
[Black "Seemann, Jakub"]
[Result "0-1"]
[WhiteElo "1927"]
[BlackElo "2358"]
[EventDate "2024.07.08"]
[PlyCount "56"]

1.c4 Nf6 2.g3 e6 3.Bg2 d5 4.Nf3 d4 5.d3 c5 6.O-O Nc6 7.e3 Bd6 8.exd4 cxd4 9.a3 
a5 10.Nbd2 h6 11.Re1 O-O 12.Ne4 Nxe4 13.Rxe4 e5 14.c5 Bc7 15.Rb1 a4 16.b4 axb3 
17.Qxb3 Be6 18.Qc2 Bd5 19.Re1 Ba5 20.Bd2 Bxd2 21.Nxd2 Bxg2 22.Kxg2 Rxa3 23.Rxb7 
Qa8 24.Reb1 Rc3 25.Qd1 Na5 26.Ne4 Nxb7 27.Nxc3 dxc3 28.Qf3 Nxc5 0-1

[Event "Macieja Memorial"]
[Site "Warsaw POL"]
[Date "2024.07.08"]
[Round "2.17"]
[White "Sengupta, Deep"]
[Black "Pesko, Tomasz"]
[Result "1-0"]
[WhiteElo "2350"]
[BlackElo "1937"]
[EventDate "2024.07.08"]
[PlyCount "72"]

1.d4 Nf6 2.Nf3 d5 3.c4 c6 4.Qc2 e6 5.e3 Bd6 6.b3 Nbd7 7.Bb2 O-O 8.Bd3 h6 9.Nbd2 
Qe7 10.Ne5 c5 11.O-O cxd4 12.exd4 dxc4 13.bxc4 Ba3 14.Rfe1 Bxb2 15.Qxb2 Nxe5 
16.dxe5 Nd7 17.Ne4 Rd8 18.Rad1 b6 19.Nd6 Nc5 20.Bb1 g6 21.Re3 Ba6 22.Qc2 Nb7 
23.Red3 Nxd6 24.exd6 Qf6 25.Rf3 Qg7 26.c5 bxc5 27.Qxc5 Rac8 28.Qxa7 Rxd6 29.Re1 
Be2 30.Re3 Bc4 31.Be4 Bd5 32.Bxd5 Rxd5 33.h3 Rcd8 34.a3 Rd2 35.Qb6 Qb2 36.R3e2 
Qxb6 1-0

[Event "Macieja Memorial"]
[Site "Warsaw POL"]
[Date "2024.07.08"]
[Round "2.18"]
[White "Szewczak, Andrzej"]
[Black "Bogdanov, Egor"]
[Result "0-1"]
[WhiteElo "1921"]
[BlackElo "2349"]
[EventDate "2024.07.08"]
[PlyCount "54"]

1.b4 e5 2.Bb2 Bxb4 3.Bxe5 Nf6 4.Nf3 O-O 5.e3 d5 6.Be2 Be7 7.O-O c5 8.Bxf6 Bxf6 
9.c3 d4 10.cxd4 cxd4 11.Nxd4 Bxd4 12.exd4 Qxd4 13.Nc3 Nc6 14.Qc1 Rd8 15.Rd1 Bf5 
16.Qb2 b6 17.Bf3 Rac8 18.Qb5 Ne5 19.Bb7 Rxc3 20.dxc3 Qxd1+ 21.Rxd1 Rxd1+ 22.Qf1 
Rxf1+ 23.Kxf1 Be6 24.a3 Nc4 25.a4 Bd7 26.Ke2 Bxa4 27.Kd3 Nd6 0-1

[Event "Macieja Memorial"]
[Site "Warsaw POL"]
[Date "2024.07.08"]
[Round "2.19"]
[White "Malek, Jan"]
[Black "Syrkiewicz, Michal"]
[Result "1-0"]
[WhiteElo "2344"]
[BlackElo "1930"]
[EventDate "2024.07.08"]
[PlyCount "69"]

1.c4 c5 2.Nf3 Nc6 3.Nc3 g6 4.g3 Bg7 5.h4 h6 6.Bg2 e6 7.d3 Nge7 8.Bf4 e5 9.Bd2 
d6 10.Qc1 Be6 11.a3 Qd7 12.Rb1 a5 13.e4 Nd4 14.Nxd4 cxd4 15.Nd5 Ra6 16.O-O h5 
17.Bg5 Bxd5 18.cxd5 O-O 19.Qd2 Raa8 20.Rfc1 Rfc8 21.Rxc8+ Rxc8 22.Qxa5 f6 
23.Bd2 Rc2 24.Bf3 Qc7 25.Bd1 Qxa5 26.Bxa5 Rc8 27.Bb4 Rd8 28.Rc1 Kf7 29.Rc7 Bh6 
30.Rxb7 Bc1 31.b3 Ra8 32.Bxd6 Re8 33.a4 Bd2 34.b4 Kf8 35.a5 1-0

[Event "Macieja Memorial"]
[Site "Warsaw POL"]
[Date "2024.07.08"]
[Round "2.20"]
[White "Kicinski, Jacek"]
[Black "Mis, Mieszko"]
[Result "0-1"]
[WhiteElo "1915"]
[BlackElo "2344"]
[EventDate "2024.07.08"]
[PlyCount "56"]

1.d4 d6 2.Nf3 Bg4 3.Bg5 Nd7 4.e3 Ngf6 5.Nbd2 e5 6.dxe5 dxe5 7.Be2 Be7 8.h3 Bh5 
9.O-O O-O 10.c3 e4 11.Nd4 Bg6 12.Qb3 c5 13.Nc2 Qc8 14.Rad1 Ne5 15.f4 exf3 
16.Nxf3 Nxf3+ 17.Bxf3 c4 18.Qa4 b5 19.Qxb5 Bxc2 20.Bxa8 Bxd1 21.Bb7 Qd8 22.Qxc4 
Bh5 23.Bf3 Bxf3 24.gxf3 Qd7 25.Kg2 Qf5 26.Bxf6 Bxf6 27.e4 Qg5+ 28.Kh1 Qg3 0-1

[Event "Macieja Memorial"]
[Site "Warsaw POL"]
[Date "2024.07.08"]
[Round "2.21"]
[White "Zawadzka, Beata"]
[Black "Zalega, Maciej"]
[Result "1/2-1/2"]
[WhiteElo "2329"]
[BlackElo "1922"]
[EventDate "2024.07.08"]
[PlyCount "105"]

1.d4 Nf6 2.c4 g6 3.Nc3 Bg7 4.e4 d6 5.Nf3 O-O 6.h3 c5 7.d5 e6 8.Bd3 exd5 9.cxd5 
b5 10.Nxb5 Nxe4 11.Bxe4 Re8 12.Nd2 f5 13.O-O fxe4 14.Nc4 Be5 15.Nxe5 Rxe5 
16.Bf4 Ba6 17.Bxe5 Bxb5 18.Bc3 Bxf1 19.Qxf1 Nd7 20.Qc4 Qe7 21.Re1 Re8 22.b4 Nb6 
23.Qb3 c4 24.Qd1 Qg5 25.Qd4 Re5 26.a4 Kf8 27.a5 Nxd5 28.Qxc4 Nxc3 29.Qxc3 Qe7 
30.Re3 d5 31.Qd4 Qd6 32.b5 Kg8 33.Qxa7 d4 34.Re1 Rxb5 35.Qa8+ Rb8 36.Qxe4 d3 
37.Rd1 Rd8 38.Qc4+ Kg7 39.Rd2 Rb8 40.g3 Rd8 41.a6 Rd7 42.Qc3+ Kh6 43.Qc4 Kg7 
44.h4 h5 45.Kg2 Ra7 46.Rxd3 Qxa6 47.Qd4+ Kh7 48.Rc3 Rg7 49.Rc5 Qb7+ 50.Kh2 Rf7 
51.Qe3 Qb2 52.Kg2 Qb7+ 53.Kh2 1/2-1/2

[Event "Macieja Memorial"]
[Site "Warsaw POL"]
[Date "2024.07.08"]
[Round "2.22"]
[White "Jaszczuk, Piotr"]
[Black "Zatonskih, Anna"]
[Result "0-1"]
[WhiteElo "1915"]
[BlackElo "2324"]
[EventDate "2024.07.08"]
[PlyCount "122"]

1.e4 d5 2.exd5 Qxd5 3.Nc3 Qd6 4.Nf3 c6 5.d4 Bg4 6.Be2 Nf6 7.h3 Bh5 8.Be3 e6 
9.Qd2 Qc7 10.O-O-O Bb4 11.a3 Ne4 12.Qd3 Nxc3 13.axb4 Na2+ 14.Kb1 Nxb4 15.Qb3 a5 
16.Rhe1 Nd7 17.Ne5 Bxe2 18.Rxe2 Nxe5 19.Bf4 O-O 20.Bxe5 Qd7 21.Bg3 Qd5 22.Qxd5 
cxd5 23.c3 Nc6 24.Kc2 Rfc8 25.Kd3 b5 26.Ra1 b4 27.h4 a4 28.Ree1 a3 29.bxa3 bxc3 
30.Bd6 Na5 31.Bb4 Nb3 32.Ra2 c2 33.Rxc2 Rxc2 34.Kxc2 Nxd4+ 35.Kc3 Nc6 36.Ra1 
Nxb4 37.Kxb4 Kf8 38.a4 Ke7 39.Kb5 Kd7 40.a5 Kc7 41.a6 Rb8+ 42.Ka5 Rb2 43.Rc1+ 
Kb8 44.a7+ Kxa7 45.Rc7+ Rb7 46.Rc2 d4 47.Rd2 e5 48.f4 f6 49.fxe5 fxe5 50.Re2 
Re7 51.Kb4 Kb6 52.Kc4 Kc6 53.Re4 Kd6 54.g4 Rc7+ 55.Kd3 Kd5 56.Re1 e4+ 57.Kd2 
e3+ 58.Ke2 Ke4 59.Ra1 Rc2+ 60.Kd1 Rh2 61.Ra4 Rxh4 0-1

[Event "Macieja Memorial"]
[Site "Warsaw POL"]
[Date "2024.07.08"]
[Round "2.23"]
[White "Gdanski, Jacek"]
[Black "Binkowska, Agata"]
[Result "1-0"]
[WhiteElo "2315"]
[BlackElo "1912"]
[EventDate "2024.07.08"]
[PlyCount "60"]

1.e4 c5 2.Nc3 e6 3.Nf3 a6 4.d4 cxd4 5.Nxd4 Qc7 6.g3 Nf6 7.Bg2 Nc6 8.O-O Be7 
9.Re1 d6 10.Nxc6 bxc6 11.e5 Nd5 12.exd6 Qxd6 13.Ne4 Qd8 14.c4 Nb4 15.Qxd8+ Bxd8 
16.Nd6+ Ke7 17.Rd1 e5 18.Be3 Nc2 19.Bc5 Nxa1 20.Nxc8+ Kf6 21.Rd6+ Kf5 22.Bh3+ 
Kg5 23.Rd2 f5 24.Nd6 Ba5 25.b4 Bc7 26.Nf7+ Kf6 27.Nxh8 Rxh8 28.Rd7 Rc8 29.g4 g6 
30.Rxh7 Bb8 1-0

[Event "Macieja Memorial"]
[Site "Warsaw POL"]
[Date "2024.07.08"]
[Round "2.24"]
[White "Wieckowski, Michal"]
[Black "Kacprzak, Karol"]
[Result "0-1"]
[WhiteElo "1904"]
[BlackElo "2308"]
[EventDate "2024.07.08"]
[PlyCount "42"]

1.Nf3 d5 2.g3 c5 3.Bg2 Nc6 4.O-O e5 5.d3 Be7 6.c4 d4 7.e3 Nf6 8.exd4 cxd4 9.Bg5 
O-O 10.Nbd2 Bf5 11.Ne1 Nd7 12.Bxe7 Qxe7 13.a3 a5 14.Rb1 Nc5 15.Qe2 a4 16.b4 
axb3 17.Nxb3 Na4 18.Ra1 Nc3 19.Qb2 Ra6 20.Nd2 Rfa8 21.Qxb7 Qxb7 0-1

[Event "Macieja Memorial"]
[Site "Warsaw POL"]
[Date "2024.07.08"]
[Round "2.25"]
[White "Kacprzak, Kacper"]
[Black "Szarwacki, Dominik"]
[Result "1-0"]
[WhiteElo "2297"]
[BlackElo "1897"]
[EventDate "2024.07.08"]
[PlyCount "65"]

1.e4 c5 2.Nf3 g6 3.d4 cxd4 4.Nxd4 Bg7 5.c4 Nc6 6.Be3 Nf6 7.Nc3 Ng4 8.Qxg4 Nxd4 
9.Qd1 e5 10.Bd3 d6 11.O-O O-O 12.Rc1 Bd7 13.b4 a5 14.a3 axb4 15.axb4 Ne6 16.Qb3 
Bc6 17.Rfd1 Qb8 18.Bf1 Rd8 19.Qb2 f5 20.exf5 gxf5 21.Bb6 Rd7 22.b5 Be4 23.f3 
Bxf3 24.gxf3 Nf4 25.Nd5 Qe8 26.Kh1 Kh8 27.Nxf4 exf4 28.Bd4 Qg6 29.Bd3 Qh5 
30.Be2 Rg8 31.Rg1 h6 32.Rxg7 Rdxg7 33.Rg1 1-0

[Event "Macieja Memorial"]
[Site "Warsaw POL"]
[Date "2024.07.08"]
[Round "2.26"]
[White "Pancewicz, Szymon"]
[Black "Socko, Monika"]
[Result "0-1"]
[WhiteElo "1896"]
[BlackElo "2288"]
[EventDate "2024.07.08"]
[PlyCount "32"]

1.d4 e6 2.e4 d5 3.exd5 exd5 4.Bd3 Nc6 5.c3 Bd6 6.Ne2 Bg4 7.h3 Bh5 8.O-O Nge7 
9.Na3 Bxa3 10.bxa3 Bg6 11.c4 Bxd3 12.Qxd3 dxc4 13.Qxc4 O-O 14.Rb1 b6 15.Bg5 Qd5 
16.Rfc1 Qxg5 0-1

[Event "Macieja Memorial"]
[Site "Warsaw POL"]
[Date "2024.07.08"]
[Round "2.27"]
[White "Czernek, Tymon"]
[Black "Kotowicz, Kamil"]
[Result "1-0"]
[WhiteElo "2253"]
[BlackElo "1892"]
[EventDate "2024.07.08"]
[PlyCount "41"]

1.e4 c6 2.d4 d5 3.f3 e6 4.Nc3 Bb4 5.Bf4 Nf6 6.Qd3 b6 7.Qe3 Bxc3+ 8.bxc3 Bb7 
9.Bd3 Qe7 10.Nh3 Na6 11.O-O c5 12.Bb5+ Nd7 13.exd5 exd5 14.Rfe1 Qxe3+ 15.Rxe3+ 
Kd8 16.Ng5 Rg8 17.Rae1 Nc7 18.Nxf7+ Kc8 19.Bxd7+ Kxd7 20.Re7+ Kc6 21.Rxc7+ 1-0

[Event "Macieja Memorial"]
[Site "Warsaw POL"]
[Date "2024.07.08"]
[Round "2.28"]
[White "Ashwath, Kaushik"]
[Black "Bartel, Michal"]
[Result "0-1"]
[WhiteElo "1881"]
[BlackElo "2250"]
[EventDate "2024.07.08"]
[PlyCount "56"]

1.e4 e5 2.Nf3 Nc6 3.Bc4 g6 4.d4 exd4 5.Nxd4 Bg7 6.Nxc6 bxc6 7.Qf3 Qf6 8.Qb3 Ne7 
9.O-O O-O 10.Nc3 d6 11.Be3 Be6 12.Bxe6 Qxe6 13.Qa4 Rfb8 14.Bd4 Rxb2 15.Nd5 cxd5 
16.Bxb2 Bxb2 17.Rab1 Bf6 18.exd5 Nxd5 19.Qc6 Rd8 20.Rfe1 Be5 21.Kh1 Nf4 22.Qxc7 
Rc8 23.Rb8 Rxb8 24.Qxb8+ Kg7 25.Qb4 Qd5 26.Qe4 Qxa2 27.g3 Ne6 28.f4 Bf6 0-1

[Event "Macieja Memorial"]
[Site "Warsaw POL"]
[Date "2024.07.08"]
[Round "2.29"]
[White "Kokoszczynski, Jan"]
[Black "Bartodziej, Bartosz"]
[Result "1-0"]
[WhiteElo "2243"]
[BlackElo "1876"]
[EventDate "2024.07.08"]
[PlyCount "83"]

1.d4 Nf6 2.Nf3 d5 3.Bf4 c5 4.c3 cxd4 5.cxd4 Nc6 6.Nc3 Bg4 7.Ne5 Bh5 8.Qa4 Qb6 
9.Nxc6 bxc6 10.e3 e6 11.Bd3 Be7 12.O-O O-O 13.Qc2 Bg6 14.Bxg6 hxg6 15.Na4 Qa5 
16.a3 Rac8 17.b4 Qb5 18.Rfc1 a5 19.Rab1 axb4 20.axb4 Nd7 21.h3 Nb6 22.Nxb6 Qxb6 
23.b5 c5 24.dxc5 Rxc5 25.Qd3 Rfc8 26.Rxc5 Rxc5 27.Be5 Rc4 28.g3 Bc5 29.h4 Ra4 
30.Kg2 Rc4 31.Rb2 Bb4 32.Bd4 Bc5 33.Bxc5 Rxc5 34.Qd4 Kf8 35.Rc2 Rxb5 36.Rc8+ 
Ke7 37.Qxg7 Qb7 38.Rf8 Kd6 39.Rxf7 Qc6 40.Qf8+ Ke5 41.Rc7 Qxc7 42.Qf4# 1-0

[Event "Macieja Memorial"]
[Site "Warsaw POL"]
[Date "2024.07.08"]
[Round "2.30"]
[White "Sanz Wawer, Daniel"]
[Black "Pawlowski, Maciej"]
[Result "1-0"]
[WhiteElo "2216"]
[BlackElo "1872"]
[EventDate "2024.07.08"]
[PlyCount "79"]

1.e4 e6 2.d4 d5 3.Nd2 Nf6 4.e5 Nfd7 5.Bd3 c5 6.c3 Nc6 7.Ne2 Qb6 8.Nf3 cxd4 
9.cxd4 f6 10.exf6 Nxf6 11.O-O Bd6 12.Bf4 Bxf4 13.Nxf4 O-O 14.b3 Bd7 15.Rc1 Ne4 
16.Ne2 Rxf3 17.gxf3 Ng5 18.Kg2 Rf8 19.Bb1 Be8 20.f4 Ne4 21.f3 Nd6 22.Qd2 Nf5 
23.Bxf5 Rxf5 24.Rcd1 h5 25.Ng3 Rf6 26.h4 Bg6 27.Rfe1 Nb4 28.Re3 Qa6 29.Qe2 Bd3 
30.Rexd3 Nxd3 31.Qxd3 Qd6 32.Qe3 Rxf4 33.Qe5 Qxe5 34.dxe5 Rxh4 35.Rc1 Kh7 
36.Rc7 Kh6 37.Rxb7 Rd4 38.Rxa7 g5 39.Ra6 h4 40.Nf5+ 1-0

[Event "Macieja Memorial"]
[Site "Warsaw POL"]
[Date "2024.07.08"]
[Round "2.31"]
[White "Szustakowski, Antoni"]
[Black "Zabawski, Grzegorz"]
[Result "1-0"]
[WhiteElo "2207"]
[BlackElo "1870"]
[EventDate "2024.07.08"]
[PlyCount "63"]

1.Nf3 d5 2.g3 Nf6 3.Bg2 Nc6 4.d4 Bg4 5.O-O e6 6.Nbd2 Bd6 7.c4 O-O 8.b3 Re8 
9.Bb2 a5 10.Ne5 Bh5 11.Nxc6 bxc6 12.c5 Be7 13.Nf3 Ne4 14.Ne5 Qc8 15.Nxc6 Bf6 
16.Ne5 Qa6 17.Nd3 Rab8 18.Qc2 Bg6 19.Rac1 c6 20.f3 Bg5 21.fxe4 Bxc1 22.Nxc1 h5 
23.Qd3 Qa7 24.Qe3 a4 25.e5 axb3 26.axb3 Rb5 27.Qg5 Qa5 28.Bf3 Reb8 29.Bxh5 Bxh5 
30.Qxh5 Qd2 31.Qxf7+ Kh8 32.Rf4 1-0

[Event "Macieja Memorial"]
[Site "Warsaw POL"]
[Date "2024.07.08"]
[Round "2.32"]
[White "Sriram, Jha"]
[Black "Bobinski, Lukasz"]
[Result "1-0"]
[WhiteElo "2191"]
[BlackElo "1868"]
[EventDate "2024.07.08"]
[PlyCount "27"]

1.d4 Nf6 2.Nf3 d5 3.c4 c6 4.Nc3 a6 5.a4 a5 6.cxd5 cxd5 7.Bf4 Bf5 8.Qb3 b6 9.e3 
Nbd7 10.Bb5 e6 11.Ne5 Ra7 12.Bg5 Qc7 13.Bxf6 gxf6 14.Nxd7 1-0

[Event "Macieja Memorial"]
[Site "Warsaw POL"]
[Date "2024.07.08"]
[Round "2.33"]
[White "Sacharewicz, Krzysztof"]
[Black "Zawadzka, Jolanta"]
[Result "0-1"]
[WhiteElo "1876"]
[BlackElo "2185"]
[EventDate "2024.07.08"]
[PlyCount "104"]

1.d4 d5 2.c4 e6 3.Nc3 Bb4 4.Nf3 Nf6 5.Qc2 O-O 6.e3 Re8 7.Be2 b6 8.O-O Bb7 9.a3 
Bf8 10.b4 dxc4 11.Ne5 c5 12.dxc5 bxc5 13.bxc5 Qc7 14.Nxc4 Qxc5 15.Nd2 Nbd7 
16.Bb2 Rac8 17.Rac1 Nb6 18.Qb1 Qa5 19.Nb3 Qg5 20.g3 Nc4 21.Nd4 Nxb2 22.Qxb2 Ba8 
23.Bf3 Bxf3 24.Nxf3 Qa5 25.a4 Rc5 26.Nb5 Qxa4 27.Rxc5 Bxc5 28.Nbd4 Qb4 29.Qa2 
Bb6 30.Rb1 Qe7 31.Ne5 h6 32.Nec6 Qd7 33.Ra1 Nd5 34.Qa4 Rc8 35.Qc2 Bxd4 36.exd4 
Qxc6 37.Qb2 a6 38.Qa2 Qb5 39.Qd2 Rc4 40.Qe1 Qc6 41.Rb1 a5 42.f3 Rc2 43.Qe4 g6 
44.Qe5 Rc1+ 45.Rxc1 Qxc1+ 46.Kg2 Qb2+ 47.Kh3 a4 48.Qd6 a3 49.Qd8+ Kg7 50.Qd6 a2 
51.Qe5+ Nf6 52.g4 a1=Q 0-1

[Event "Macieja Memorial"]
[Site "Warsaw POL"]
[Date "2024.07.08"]
[Round "2.34"]
[White "Karwowski, Kacper"]
[Black "Klimek, Piotr"]
[Result "1/2-1/2"]
[WhiteElo "2184"]
[BlackElo "1866"]
[EventDate "2024.07.08"]
[PlyCount "149"]

1.e4 e6 2.d4 d5 3.Nd2 Nf6 4.e5 Nfd7 5.Bd3 c5 6.c3 Nc6 7.Ne2 Be7 8.O-O f5 9.exf6 
Nxf6 10.Nf3 O-O 11.h3 cxd4 12.Nexd4 Nxd4 13.cxd4 Bd6 14.Re1 Qb6 15.Ne5 Kh8 
16.Bc2 Bd7 17.Nxd7 Nxd7 18.Qh5 Nf6 19.Qh4 Rac8 20.Bb1 Rc4 21.Be3 Ne4 22.Bxe4 
dxe4 23.b3 Rc2 24.Qxe4 Qc7 25.Qxe6 Bf4 26.Bxf4 Qxf4 27.Qe3 Rxf2 28.Qxf4 R2xf4 
29.Rad1 R4f7 30.d5 Rd8 31.Re4 Rfd7 32.Red4 Kg8 33.Kf2 Rd6 34.R1d3 Kf7 35.Ke3 
Ke7 36.Re4+ Kd7 37.Kd4 Kc7 38.Re7+ R8d7 39.Rxd7+ Kxd7 40.Rf3 Ke7 41.a4 a5 
42.Kc5 b6+ 43.Kd4 h5 44.Ke5 Rg6 45.g3 Rg5+ 46.Ke4 Kd6 47.Rd3 Re5+ 48.Kf4 Rxd5 
49.Re3 g5+ 50.Kf3 Kc5 51.Re6 Rd3+ 52.Kf2 Rxb3 53.Re5+ Kb4 54.Rxg5 Kxa4 55.Rxh5 
Kb4 56.Rh4+ Kc3 57.Re4 Rb4 58.Re3+ Kb2 59.Re2+ Kb3 60.Re3+ Kb2 61.Re2+ Kb3 
62.Ke3 Rc4 63.Re1 Kb2 64.Re2+ Rc2 65.Rxc2+ Kxc2 66.g4 a4 67.g5 a3 68.g6 a2 
69.g7 a1=Q 70.g8=Q Qc3+ 71.Ke4 Qxh3 72.Qa2+ Kd1 73.Qb1+ Ke2 74.Qb2+ Kf1 75.Qxb6 1/2-1/2

[Event "Macieja Memorial"]
[Site "Warsaw POL"]
[Date "2024.07.08"]
[Round "2.35"]
[White "Adamski, Adam"]
[Black "Mulawa, Cyprian"]
[Result "0-1"]
[WhiteElo "1870"]
[BlackElo "2178"]
[EventDate "2024.07.08"]
[PlyCount "58"]

1.Nf3 d5 2.g3 c6 3.d4 Nf6 4.Bg2 Bg4 5.Ne5 Bf5 6.Nd2 Nbd7 7.Ndf3 e6 8.Bg5 Be7 
9.c3 O-O 10.O-O h6 11.Bf4 Ne4 12.Nxd7 Qxd7 13.Ne5 Qd8 14.Qb3 f6 15.Nd3 Qd7 
16.Rad1 Bh7 17.f3 Ng5 18.Bxg5 hxg5 19.e4 b6 20.Rde1 Rfe8 21.Qd1 Rad8 22.e5 c5 
23.exf6 gxf6 24.Bh3 Bf8 25.Bg2 cxd4 26.cxd4 Rc8 27.Re2 Rc4 28.Rfe1 Rxd4 29.Qb3 
Rxd3 0-1